000 00458nam a2200145 a 4500
001 000038283
005 20201002031221.0
008 130408s2007 dr 000 0 spa d
040 _aDO-SdBNP
_bspa
_cBNPHU
100 1 _aSantana Castillo, Jorge
_943312
245 1 0 _aDe la modernidad al abismo :
_breflexiones sociofilosóficas /
_cJorge Santana Castillo.
250 _a2a ed.
260 _aSanto Domingo :
_bLa Escalera ,
_c2007.
300 _a227 p. : ;
_c21 cm.
999 _c37773
_d37773